|
|
|
|
| LEADER |
00835ncm a22002412a 4500 |
| 001 |
000348391 |
| 003 |
CZ BrMZK |
| 005 |
20120423085154.0 |
| 007 |
qu |
| 008 |
010907s1979 xr f zxx d |
| 040 |
|
|
|a BOA001
|b cze
|
| 072 |
|
7 |
|a 787
|x Hudba pro strunné a smyčcové nástroje
|2 Konspekt
|9 9
|
| 100 |
1 |
|
|a Jirmal, Jiří,
|d 1925-2019
|7 jk01051892
|4 adp
|4 com
|
| 245 |
1 |
0 |
|a Česká a slovenská kytarová a loutnová hudba
|h [hudebnina] /
|c výber, předpis z tabulatur a upravil pro kytaru Jiří Jirmal
|
| 250 |
|
|
|a 2. vyd.
|
| 260 |
|
|
|a Praha :
|b Supraphon,
|c 1979
|
| 300 |
|
|
|a 54 s.
|
| 490 |
1 |
|
|a Kytarová sóla ;
|v 29
|
| 830 |
|
0 |
|a Kytarová sóla
|
| 910 |
|
|
|a BOA001
|b Mus4-0673.154-79
|
| 990 |
|
|
|a MU
|
| 991 |
|
|
|b 201204
|
| 996 |
6 |
|
|b 2619853357
|c Mus4-0673.154-79
|l MZK
|r Sklad / do 1 hodiny
|n 0
|w 000348391
|u 000010
|a 1
|e BOA001
|j MZK50
|s P
|